| 000 | nam a22 7a 4500 | ||
|---|---|---|---|
| 999 |
_c331914 _d331914 |
||
| 003 | NUST | ||
| 005 | 20171102110011.0 | ||
| 008 | 171102b xxu||||| |||| 00| 0 eng d | ||
| 040 | _cNUST | ||
| 041 | _hpersian | ||
| 082 |
_a891.511 _bIQB |
||
| 100 |
_aIqbal, Muhammad _99 |
||
| 245 |
_aGhazal farsi Allama Iqbal / _cby Muhammad Munawwar |
||
| 260 |
_aLahore: _bIqbal academy, _c1987 |
||
| 300 | _a196 p. | ||
| 650 |
_aIqbaliyat _981 |
||
| 880 |
_6100-01\(3\r _aمحمد اقبال |
||
| 880 |
_6245-02\(3\r _aغزل فارسی علامہ اقبال _cمحمد منور |
||
| 880 |
_6260-03\(3\r _aلاہور: _bاقبال اکادمی پاکستان، _c1987 |
||
| 942 |
_2ddc _cBK |
||